000 00727nam a2200253Ia 4500
003 OSt
005 20221007080755.0
006 a|||||r|||| 00| 0
007 ta
008 221006b |||||||| |||| 00| 0 eng d
024 _a46,099
037 _cTextual
040 _aFLL
_cFLL
_beng
041 _2eng
_aeng
082 _aS:f, Q9
100 _aBEINS Bernard C. Au.
_9695464
245 0 _aResearch methods and statistics in psychology
250 _a2nd
260 _aNew York
_bCambridge University Press USA
_c2019
300 _axvii,515p.
_ccm.
700 _a McCARTHY MAUREEN A. Au.
_9695465
942 _hS:f, Q9
_cTEXL
_2CC
999 _c1160840
_d1160840